|
|
|
|
| LEADER |
00000nab a2200000 a 4500 |
| 001 |
vtls011131767 |
| 003 |
SK-MaSNL |
| 005 |
20260303191029.0 |
| 008 |
230222|1996 xo |||||||||||||||||slo| |
| 015 |
|
|
|a SNBRB
|
| 035 |
|
|
|a (uuid)4e228905-576c-4f50-89b6-c8fd0f897e00
|
| 035 |
|
|
|a (urnnbn)urn:nbn:sk:snk:ar-a09lsb
|
| 035 |
|
|
|a urn:nbn:sk:snk-aba9ie
|
| 040 |
|
|
|a SNKBUCL
|b slo
|c SNKBUCL
|e AACR2
|
| 041 |
0 |
|
|a slo
|
| 044 |
|
|
|a xo
|c SK
|
| 100 |
1 |
|
|a Lukáč, Tibor,
|d 1945-2005
|4 aut
|9 111415
|
| 245 |
1 |
0 |
|a STABILITA, MOBILITA A VÝKONNOSŤ MALÉHO KOLESOVÉHO TRANSPORTÉRA MKT 6 x 6
|c Tibor Lukáč
|
| 773 |
0 |
|
|t Acta Facultatis Forestalis Zvolen Czechoslovakia
|g Roč. 38, č. 38 (1996), s. 233-244
|
| 954 |
|
|
|a odborná, vedecká literatúra pôvodná (slovenská)
|2 lita
|
| 958 |
|
|
|a OND
|
| 958 |
|
|
|a EUIPO
|
| 958 |
|
|
|a article13
|
| 999 |
|
|
|c 2139148
|d 2141078
|